| 000 | 00470nam a2200193Ia 4500 | ||
|---|---|---|---|
| 003 | GCL | ||
| 008 | 140319s9999 xx 000 0 eng d | ||
| 040 |
_aGCL / _cGCL |
||
| 082 | 0 | 4 |
_aCC _b932 _bA E |
| 100 | 1 | _aAZAOLA, MIGUEL | |
| 245 | 1 | 0 |
_aEGYPTO / _cAZAOLA, MIGUEL |
| 700 | 1 | _aSUNEN, LUIS | |
| 260 |
_a[S.N] : _bEDITORIALE LIBRARIA ، _c1995 |
||
| 300 | _a560 P | ||
| 650 | 0 | 4 | _aANCIENT EGYPT |
| 650 | 0 | 4 | _aHISTORY |
| 650 | 0 | 4 | _aEGYPT - HISTORY |
| 942 |
_2ddc _cBK |
||
| 999 |
_c13866 _d13866 |
||